000 01158njm a22002657a 4500
005 2010091402162.0
006 a|||||r|||||00| 0
007 sd ammalaaahaa
008 100910t xxu||||| |||| 00| 0 eng d
028 _a3AEX.5121
_bOdeon
035 _aGR-02245
040 _aSED
_cSED
100 _aNaushad
_919365
245 _aSuraiya /
_cby Kardar Production; music dtn by Naushad
_h[sound recording] :
246 _aसुरैया / करदार प्रोडक्शन द्वारा
260 _aDum Dum, India
_bOdeon
_c1970
300 _a1 sound disc [Gramophone Recording] :
_banalog, 33 1/3 rpm
_c12.5 in. (LP)
_fGramaphone Records
500 _aBrief record
500 _aRecord Lebels : Odeon, Black
505 _aSide-1 मुरली वाले मुरली बजा (Murli wale murli baja) (Dillagi) (Naushad) Side-2 मन मोर हुआ मतवाला (Man mor hua matwala) (Afsar) (Navketan)
600 _aNaushad
_919611
650 _2Excerpts.
_aHindustani Classical Music
_bIndia
_919366
942 _2ddc
_cGR
999 _c45545
_d45545